00608nam a2200169 i 450000100060000000300090000600500170001500700030003200800410003510000380007624500880011426000430020230000220024585200320026799900170029995201220031670391ES-MaACL20230906170814.0t|040722s1976 sp ||||1| spa d1 aGarcía San Miguel, Luis.95525410aEscritos sobre la libertad política y el socialismo / cLuis García San Miguel. aValencia : bFernando Torres, c[1976] a268 p. ; c18 cm. aES-MaACLjE-10129 bR.94433 c70391d70391 00104070aATENEOMbATENEOMcDEPO2d2008-01-17eSCl0oE-10129p1073710r2023-02-23 00:00:00w2023-02-23yMONOGRAFIA